000 01078nam a22003617a 4500
001 0024411
003 KOHA_MİRAKIL
005 20260207002438.0
007 ta
008 101112b2008 tu |||gr||||#||||0|tur |
020 _a994477006X
_c6,88
040 _aTR-BiSEU
_btur
_cTR-BiSEU
_erda
041 0 _atur
044 _ctu
050 _aTS156.6
_b.C33 2008
100 1 _aÇağlar, İrfan.
245 1 _aKalite güvence standartları/
_cİrfan Çağlar ; İrfan Çağlar, Sabiha Kılıç.
264 1 _aAnkara :
_bNobel Yayın Dağıtım
_c2008
300 _aVIII, 172 sayfa: resimli
336 _ametin
_btxt
_2rdacontent
337 _aaracısız
_bn
_2rdamedia
338 _acilt
_bnc
_2rdacarrier
490 1 _aNobel yayın ;
_vno.
490 1 _a1020.
490 1 _aMESTEK serisi ;
_v57.
500 _aKaynakça var.
650 0 _aKalite kontrolü--Standartlar.
_99552
650 0 _aKalite güvencesi--Standartlar.
_924677
830 1 _aNobel yayın ;
_vno.
_91510
830 1 _a1020.
_949862
830 1 _aMESTEK serisi ;
_v57.
_949790
942 _2lcc
_cBK
999 _c24363
_d24363